Tratado Latinoamericano de sociología del trabajo /
El artículo está dividido en dos secciones. La primera tiene que ver con el paso de la ideología a la estructura, y ahí enfatizamos temas como la teoría de la modernización y el sindicalismo, el trabajo y la conciencia obrera, la evolución social y política y la interrogante acerca del vículo entre...
保存先:
| 第一著者: | |
|---|---|
| 共著者: | , , , |
| その他の著者: | |
| フォーマット: | 不明 |
| 出版事項: |
México, D.F:
El Colegio México
|
| 主題: | |
| タグ: |
タグ追加
タグなし, このレコードへの初めてのタグを付けませんか!
|
MARC
| LEADER | 00000 a2200000 04500 | ||
|---|---|---|---|
| 001 | 26868 | ||
| 003 | |||
| 008 | 991231s d | ||
| 040 | |||
| 020 | |a 968-16-6026-9 | ||
| 022 | |a 968-16-6026-9 | ||
| 090 | |a 146613 | ||
| 100 | |a Garza Toledo, Enrique de la | ||
| 110 | |a FLACSO | ||
| 245 | |a Tratado Latinoamericano de sociología del trabajo / |c FLACSO | ||
| 260 | |a México, D.F: |b El Colegio México | ||
| 300 | |a 796 p | ||
| 520 | |a El artículo está dividido en dos secciones. La primera tiene que ver con el paso de la ideología a la estructura, y ahí enfatizamos temas como la teoría de la modernización y el sindicalismo, el trabajo y la conciencia obrera, la evolución social y política y la interrogante acerca del vículo entre la sindicalización y el poder de los sindicatos. La segunda tiene que ver con el paso de la estructura a la sociología y ahí nos centramos en los hallazgos de los estudios que se concentran en la relación sindicalismo-Estado la sección obrera en ramas económicas estratégicas, cómo la producción de automóviles o de acero el conflicto laboral y las huelgas, así como el comportamiento político de la clase obrera. Finalmente, tratamos de identificar algunos temas analizados en la investigación reciente y detectar hacia dónde debería ir la investigación en el futuro. DOC/WMV | ||
| 650 | |a TRABAJO | ||
| 650 | |a ANALISIS SOCIOLOGICO | ||
| 650 | |a TEORIA | ||
| 650 | |a TEORIA ECONOMICA | ||
| 650 | |a MODERNIZACION | ||
| 650 | |a ESTADO | ||
| 650 | |a SINDICALISMO | ||
| 650 | |a SINDICATOS | ||
| 650 | |a GRUPOS DE INTERES | ||
| 650 | |a MOVIMIENTOS OBREROS | ||
| 650 | |a PARTICIPACION DEL TRABAJADOR | ||
| 650 | |a EMPLEADOS | ||
| 700 | |a coord | ||
| 710 | |a El Colegio de México | ||
| 710 | |a Universidad Autónoma Metropolitana | ||
| 710 | |a Fondo de Cultura Económica | ||
| 999 | |c 10609 |d 10609 | ||



